000 01121nam a22002537a 4500
005 20170124102953.0
010 _aA-952094
020 _c170.00
_a8122500218
035 _aA-952094
037 _bCen Lib/Ret
040 _aDPL
_bHN
082 _a821
_bनक़वी
100 _aनक़वी, यास्मीन सुलताना
_952131
245 _aचाँद चलता है :
_cयास्मीन सुलताना नक़वी
_bकाव्य संग्रह /
246 _aChand chalta hai : kavya sangreh /
_bby Yasmeen Sultana Naqvi
260 _aनई दिल्ली
_bकिताब महल
_c1997
270 _a28 नेताजी सुभाष मार्ग
_bनई दिल्ली
_e110002
300 _a121पृ.
_c20सेमी(सजिल्द)
650 _aहिंदी साहित्य
_952132
650 _aहिंदी साहित्य -- कविता
_952133
650 _aHindi literature
_952134
650 _aHindi literature -- Poetry
_952135
942 _2ddc
_cHN
_h821
_mनक़वी
999 _c113413
_d113413